000 00478nam a2200193Ia 4500
005 20240823062936.0
008 240823s9999||||xx |||||||||||||| ||und||
041 _aENGLISH
082 _A418 M7
100 _a"Funk,Wilfred"
245 0 _a30 Days to A More Powerful Vocabulary
250 _a1st
260 _c1987
_b"Binny Publishing House,Delhi"
500 _aTransfered
650 _aVocabulary
_bEnglish
700 _a" Lewis,Norman"
942 _cBK
999 _c237081
_d237081